[Event "Mittelrhein Verbandsliga-O 15/16"]
[Site "Nordrheinwestfalen"]
[Date "2016.03.13"]
[Round "9"]
[White "Spindler, Florian"]
[Black "Strowitzki, Bernhard"]
[Result "1-0"]
[WhiteElo "1941"]
[BlackElo "1506"]
[PlyCount "45"]
[EventDate "2015.09.06"]
[EventType "team-tourn"]
[EventRounds "11"]
[EventCountry "GER"]
[SourceTitle "EXT 2022"]
[Source "ChessBase"]
[SourceDate "2021.10.06"]
[SourceVersion "1"]
[SourceVersionDate "2021.10.06"]
[SourceQuality "1"]
[WhiteTeam "Porz SG IV"]
[BlackTeam "Bonn Beuel II"]
[WhiteTeamCountry "GER"]
[BlackTeamCountry "GER"]

1. d4 Nf6 2. Nf3 e6 3. c4 d5 4. Nc3 c5 5. Bg5 Be7 6. dxc5 0-0 7. e3 Nc6 8. cxd5 exd5 9. Bd3 Be6 10. 0-0 Bxc5 11. Rc1 d4 12. Bxf6 gxf6 13. exd4 Nxd4 14. Nxd4 Bxd4 15. Bb1 f5 16. Qf3 Qd7 17. Rfd1 Rad8 18. Ne2 Bxf2+ 19. Kxf2 Qxd1 20. Rxd1 Rxd1 21. Bxf5 Rd2 22. Qg3+ Kh8 23. Qc3+ 1-0